Испытание шароструйно-эжекторного бурового снаряда на лабораторном стенде на базе станка СКБ-4; Проблемы геологии и освоения недр; Т. 2

Bibliografiske detaljer
Parent link:Проблемы геологии и освоения недр: труды XXI Международного симпозиума имени академика М. А. Усова студентов и молодых ученых, посвященного 130-летию со дня рождения профессора М. И. Кучина, Томск, 3-7 апреля 2017 г./ Национальный исследовательский Томский политехнический университет (ТПУ), Институт природных ресурсов (ИПР) ; под ред. А. С. Боева.— , 2017
Т. 2.— 2017.— [С. 460-461]
Hovedforfatter: Вагапов А. Р.
Institution som forfatter: Национальный исследовательский Томский политехнический университет (ТПУ) Институт природных ресурсов (ИПР) Кафедра бурения скважин (БС)
Andre forfattere: Исаев Е. Д. Евгений Дмитриевич (научный руководитель), Ковалев А. В. Артем Владимирович
Summary:Заглавие с экрана
Sprog:russisk
Udgivet: 2017
Serier:Современные техника и технологии бурения скважин
Fag:
Online adgang:http://earchive.tpu.ru/handle/11683/42157
Format: Electronisk Book Chapter
KOHA link:https://koha.lib.tpu.ru/cgi-bin/koha/opac-detail.pl?biblionumber=623416

MARC

LEADER 00000naa2a2200000 4500
001 623416
005 20231101133248.0
035 |a (RuTPU)RU\TPU\conf\22364 
035 |a RU\TPU\conf\22362 
090 |a 623416 
100 |a 20170816d2017 k y0rusy50 ca 
101 0 |a rus 
102 |a RU 
105 |a y z 100zy 
135 |a drgn ---uucaa 
181 0 |a i  
182 0 |a b 
200 1 |a Испытание шароструйно-эжекторного бурового снаряда на лабораторном стенде на базе станка СКБ-4  |f А. Р. Вагапов, Е. Д. Исаев  |g науч. рук. А. В. Ковалев 
203 |a Текст  |c электронный 
225 1 |a Современные техника и технологии бурения скважин 
230 |a 1 компьютерный файл (pdf; 428 Kb) 
300 |a Заглавие с экрана 
320 |a [Библиогр.: с. 461 (4 назв.)] 
461 1 |0 (RuTPU)RU\TPU\conf\21932  |t Проблемы геологии и освоения недр  |o труды XXI Международного симпозиума имени академика М. А. Усова студентов и молодых ученых, посвященного 130-летию со дня рождения профессора М. И. Кучина, Томск, 3-7 апреля 2017 г.  |o в 2 т.  |f Национальный исследовательский Томский политехнический университет (ТПУ), Институт природных ресурсов (ИПР) ; под ред. А. С. Боева  |d 2017 
463 1 |0 (RuTPU)RU\TPU\conf\21938  |t Т. 2  |v [С. 460-461]  |d 2017 
610 1 |a труды учёных ТПУ 
610 1 |a электронный ресурс 
610 1 |a шароструйно-эжекторные снаряды 
610 1 |a буровые снаряды 
610 1 |a лабораторные стенды 
610 1 |a твердые породы 
610 1 |a бурение скважин 
700 1 |a Вагапов  |b А. Р. 
701 1 |a Исаев  |b Е. Д.  |c специалист в области нефтепромыслового оборудования  |c лаборант Томского политехнического университета  |f 1994-  |g Евгений Дмитриевич  |2 stltpush  |3 (RuTPU)RU\TPU\pers\32765 
702 1 |a Ковалев  |b А. В.  |c специалист в области нефтепромыслового оборудования  |c ассистент кафедры Томского политехнического университета  |f 1987-  |g Артем Владимирович  |2 stltpush  |4 727 
712 0 2 |a Национальный исследовательский Томский политехнический университет (ТПУ)  |b Институт природных ресурсов (ИПР)  |b Кафедра бурения скважин (БС)  |h 256  |2 stltpush  |3 (RuTPU)RU\TPU\col\18666 
801 2 |a RU  |b 63413507  |c 20170905  |g RCR 
856 4 |u http://earchive.tpu.ru/handle/11683/42157 
942 |c BK